logo

Bir Sreshtho Munshi Abdur Rouf Library
Jhenaidah Cadet College

সম্মুখযুদ্ধ ১৯৭১: মুক্তিযোদ্ধাদের কলমে / (Record no. 11121)

MARC details
000 -LEADER
fixed length control field 00807nam a2200229 a 4500
001 - CONTROL NUMBER
JCCL Control Number 11121
003 - CONTROL NUMBER IDENTIFIER
JCCL marc code BD-JhCC
005 - DATE AND TIME OF LATEST TRANSACTION
control field 20190731090328.0
008 - FIXED-LENGTH DATA ELEMENTS--GENERAL INFORMATION
fixed length control field 190631b20152016bg a|||| ||a| 000 0 ben d
020 ## - INTERNATIONAL STANDARD BOOK NUMBER
International Standard Book Number 9789849120216
035 ## - SYSTEM CONTROL NUMBER
system control number (BD-JhCC)11121
040 ## - CATALOGING SOURCE
Original cataloging agency BD-JhCC
Modifying agency BD-JhCC
041 ## - LANGUAGE CODE
Language code of Book ben
082 ## - DEWEY DECIMAL CLASSIFICATION NUMBER
Classification number 954.9205
Author mark and Year SOM 2016
245 ## - TITLE STATEMENT
Title সম্মুখযুদ্ধ ১৯৭১: মুক্তিযোদ্ধাদের কলমে /
Statement of responsibility, etc সম্পাদক: মতিউর রহমান ।
260 ## - PUBLICATION, DISTRIBUTION, ETC. (IMPRINT)
Place of publication, distribution, etc ঢাকা:
Name of publisher, distributor, etc প্রথমা প্রকাশন;
Date of publication, distribution, etc ২০১৬.
300 ## - PHYSICAL DESCRIPTION
Pagination ২০৭ পৃঃ . :
Other physical details ill;
Dimensions ২২ সেমি.
651 ## - SUBJECT ADDED ENTRY--GEOGRAPHIC NAME
Geographic name Liberation war
Geographic subdivision Bangladesh
700 ## - ADDED ENTRY--PERSONAL NAME
Personal name রহমান, মতিউর
942 ## - ADDED ENTRY ELEMENTS (KOHA)
Source of classification or shelving scheme Dewey Decimal Classification
Koha item type Books
Holdings
Source of classification or shelving scheme Damaged status Not for loan Home library Current library Shelving location Cost, normal purchase price Total Checkouts Full call number Barcode Date last seen Copy number Koha item type
Dewey Decimal Classification     JCC Rouf Library JCC Rouf Library General Stacks 245.00   954.9205 SOM 2016 14987 07/31/2019 C-1 Books

JCC Library | Contacts | JCC Home

Last Update on 23 September 2017
Copyright @ 2017-2020 JCC Rouf Library
Rouf Library, Jhenidah Cadet College (JCC), Bangladesh